[Event "8th Holuj-Radzikowska Rapid 2018"]
[Site "Wroclaw"]
[Date "2018.12.10"]
[Round "5"]
[White "Abdumalik, Zhansaya"]
[Black "Zawadzka, Jolanta"]
[Result "1-0"]
[WhiteElo "2470"]
[BlackElo "2423"]
[Annotator "TA"]
[PlyCount "169"]
[EventDate "2018.11.26"]
[EventType "schev"]
[EventCountry "POL"]
[SourceTitle "playchess.com"]
[Source "ChessBase"]
[SourceQuality "1"]
[WhiteTeam "World"]
[BlackTeam "Poland"]
[BlackTeamCountry "POL"]

{[%evp 24,169,12,8,11,10,23,12,19,0,34,26,22,15,42,55,45,12,18,17,15,12,77,0,143,141,133,127,124,127,118,44,114,92,127,114,145,0,128,122,120,103,179,191,191,136,145,148,223,0,0,0,130,145,228,71,197,192,198,208,270,225,225,229,310,309,304,270,491,491,491,491,483,342,332,168,168,168,257,253,319,312,584,559,638,549,2620,2575,2273,1911,5904,5430,708,0,12850,29943,29941,29939,1226,806,29972,29973,29983,29939,29943,29950,29948,29945,29948,29948,29950,12842,29944,29944,29938,29940,29941,533,29955,8,29952,12847,12846,5505,5052,5073,29957,29957,29944,29950,29954,29962,29955,29960,29960,10857,29976,29950,29980,29956,7329,1178,29984,29984,29984,29985,29985,29986]} 1. e4 e5 2. Nf3 Nc6 3. Bb5 a6 4. Ba4 Nf6 5. O-O b5 6. Bb3 Bc5 7. c3 d6 8. d4 Bb6 9. h3 h6 10. Be3 O-O 11. Nbd2 Re8 12. a4 {C78: Ruy Lopez: Archangelsk and Möller Defences} (12. Re1 Rb8 13. a3 Na5 14. Ba2 exd4 15. Bxd4 Nc6 16. Bxb6 Rxb6 17. c4 b4 18. c5 dxc5 19. e5 Nh7 {½-½ (44) Vachier Lagrave,M (2731)-Giri,A (2793) Saint Louis 2015}) 12... Rb8 13. Re1 {LiveBook: 8 Games} b4 {[#]} 14. dxe5 $146 {The position is equal.} ({Predecessor:} 14. Rc1 bxc3 15. bxc3 Na5 16. Ba2 Be6 17. Bxe6 Rxe6 18. c4 exd4 19. Bxd4 Nd7 {1-0 (40) Kryvoruchko,Y (2604)-Conquest,S (2531) Reykjavik 2009}) 14... Bxe3 15. Rxe3 dxe5 16. Bc4 Qe7 17. Qf1 bxc3 18. bxc3 a5 19. Bb5 Bd7 20. Nb3 Red8 21. Nfd2 Na7 {[%cal Ra7b5]} 22. Bd3 Qe8 (22... Nc6 $11) 23. Nc5 ({Better is} 23. Nxa5 $16 Bxa4 24. Nac4) 23... Bc6 (23... Qe7 $11 24. Ndb3 Bc8) 24. Nc4 $16 Qe7 25. Na6 Rbc8 26. Nxa5 Ba8 27. f3 ({White should try} 27. Nc4 $16) 27... c5 (27... Rd6 $14) 28. Bb5 Nh5 29. Rd3 Qg5 30. Rad1 (30. Bd7 $16) 30... Rxd3 (30... Nxb5 $11 31. axb5 Rxd3 32. Qxd3 (32. Rxd3 c4 $11) 32... Nf4) 31. Bxd3 (31. Qxd3 $6 Nf4 $11) (31. Rxd3 $6 Nxb5 32. axb5 f5 $14) 31... Nf4 32. Kh2 h5 (32... Nh5 $2 33. Qf2 $18) (32... Bc6 $16) 33. Bc4 $18 h4 34. Rd7 $36 {[%mdl 2048] White is on the roll.} (34. Nb3 $18) 34... Qg3+ $16 35. Kh1 Nc6 (35... Kh7 $16 36. Bxf7 (36. Rxa7 $2 Rd8 $19) 36... Nc6) 36. Nxc6 $2 (36. Rxf7 $18 Kh8 37. Nb3) 36... Bxc6 $11 37. Rxf7 Kh8 (37... Kh7 $11 {remains equal.}) 38. Nxc5 $16 Rd8 (38... Rb8 $16 {is a better defense.} 39. Bb3 Rd8) 39. Nd3 $2 (39. Rxf4 $18 {is more deadly.} exf4 40. a5) 39... Nxd3 (39... Bxa4 $16 40. Rb7 Kh7) 40. Bxd3 $18 {a5 is the strong threat.} Bxa4 41. Ra7 Bc6 42. Ra1 Bd7 43. Rd1 {Threatens to win with Bb5.} Ba4 {[#]} 44. Bc2 $1 {[%mdl 512]} Rxd1 (44... Bxc2 45. Rxd8+) 45. Bxd1 Bxd1 $2 (45... Bd7 {might work better.} 46. Bb3 Kh7) 46. Qxd1 {[%mdl 4096] Endgame KQ-KQ} Qf2 47. c4 Kh7 48. Qg1 Qc2 49. c5 (49. Qe3 $142) 49... Qc3 50. Kh2 Kh6 (50... g5 $142 51. Qf2 Qc1) 51. Qf2 g5 52. g3 hxg3+ $2 (52... Kh5 53. gxh4 gxh4) 53. Kxg3 Kg6 54. h4 Qc1 55. hxg5 Kxg5 56. Kg2 Kh5 57. Qg1 Qc3 58. Qf2 $2 ({Only move:} 58. Qh2+ $18 Kg6 59. c6 $1 {[%mdl 512]}) 58... Kg5 $2 {[%mdl 8192]} (58... Qc1 $11 59. Kh3 Qh1+ 60. Kg3 Qc1) 59. Qg3+ Kf6 60. Qh4+ Kg6 61. Qg4+ Kh6 62. Qe6+ Kg5 63. Qd6 Qb2+ 64. Kg3 Qc3 65. Qe7+ Kh5 66. Qh7+ Kg5 67. Qf5+ Kh6 68. Kg4 Qxc5 69. Qf6+ Kh7 70. Kf5 (70. Qf7+ $142 Kh8 71. Kf5 Qf2 72. Qe8+ (72. Kxe5 Qd4+ 73. Kf4 Qd2+ 74. Kf5 Qg5+ 75. Ke6 Qe5+ 76. Kd7 Qd6+ 77. Kc8 Qb8+ 78. Kd7 Qc7+ 79. Ke8 Qb8+ 80. Ke7 Qc7+ 81. Kf6 Qf4+ 82. Kg6 Qg3+ 83. Kf6 Qxf3+ {[%mdl 64] Double Attack} 84. Ke6 Qxe4+ 85. Kd6 Qd4+ 86. Kc6 Qa4+ 87. Kc5 Qa5+ 88. Kd4 Qd2+ 89. Ke5 Qe3+ 90. Kd6 Qd4+ 91. Qd5 Qxd5+ 92. Kxd5 $11) 72... Kh7 73. Qe7+ (73. Kxe5 Qxf3 74. Qe7+ Kg6 $16) 73... Kg8 74. Kxe5 Qg3+ 75. f4 Qc3+ 76. Ke6 Qc4+ 77. Kf6 Qd4+ 78. Qe5 Qd8+ 79. Kf5 Qf8+ 80. Kg5 Qd8+ 81. Kh5) 70... Qc8+ {[#]} 71. Kxe5 $2 (71. Qe6 $1 {mates} Qf8+ 72. Kxe5 Qg7+ 73. Kf5 Qf8+ 74. Kg4 Kg7 75. Qe5+ Kg8 76. Qg5+ Kh8 77. e5 Qc8+ 78. Kh4 Qc4+ 79. f4) 71... Qc3+ $2 {[%mdl 8192]} (71... Qc5+ $11 72. Kf4 Qf2) 72. Ke6 Qc8+ 73. Kd5 {Threatening mate with Qf5+.} Qd7+ 74. Ke5 Qc7+ 75. Kf5 Qc5+ 76. Qe5 Qf8+ 77. Kg4 Qg8+ 78. Qg5 Qc4 79. Qd5 (79. f4 $142 Qb3 80. Qe7+ Kh6 81. Qd6+ Kg7 82. f5 Qb2 83. Qe7+ Kh6 84. Qf8+ Kh7 85. Qf7+ Kh8 86. Qe7 Qg2+ 87. Kh5 Qf3+ 88. Kg6 Qg3+ 89. Kf7 Qg7+ 90. Ke6 Qg8+ 91. Kf6) 79... Qc7 80. f4 Qc2 81. Qd7+ Kg8 82. Kf5 {White wants to mate with Kf6.} Qc3 83. Qd5+ {White mates.} Kf8 84. Qd6+ Kg8 85. Qg6+ {Accuracy: White = 53%, Black = 34%.} 1-0

[Event "8th Holuj-Radzikowska Rapid 2018"]
[Site "Wroclaw"]
[Date "2018.12.10"]
[Round "5"]
[White "Socko, Monika"]
[Black "Paehtz, Elisabeth"]
[Result "1/2-1/2"]
[WhiteElo "2458"]
[BlackElo "2487"]
[Annotator "TA"]
[PlyCount "143"]
[EventDate "2018.11.26"]
[EventType "schev"]
[EventCountry "POL"]
[SourceTitle "playchess.com"]
[Source "ChessBase"]
[SourceQuality "1"]
[WhiteTeam "Poland"]
[BlackTeam "World"]
[WhiteTeamCountry "POL"]

{[%evp 10,143,16,9,18,-3,0,0,0,0,0,-12,0,-14,-12,-20,-14,-33,-13,-44,-35,-38,-8,-70,-69,-65,-66,-109,-101,-117,-46,-62,-46,-61,-52,-127,-135,-167,-176,-179,-177,-168,-166,-268,-247,-260,-259,-272,-258,-256,-123,-130,-123,-99,-94,-130,-118,-231,-56,-53,-52,-102,-52,-62,-50,-40,-25,-50,-42,-72,-50,-33,-31,-77,-80,-94,-104,-106,-101,-99,-96,-97,-98,-178,-125,-109,-55,-80,-89,-96,-56,-57,0,0,0,0,0,0,0,-6,0,0,0,0,0,0,0,-15,0,0,0,0,0,0,0,0,0,0,0,0,0,0,0,0,0,0,0,0,0,0,0,0,0,0,0,0]} 1. c4 d6 2. d4 e5 3. Nc3 exd4 4. Qxd4 Nc6 5. Qd2 Be6 (5... Nf6 6. b3 Be6 7. e4 a5 8. Bb2 a4 9. Rd1 axb3 10. axb3 g6 11. Bd3 Bg7 12. Nge2 O-O 13. O-O Nd7 14. Nd5 Nc5 15. Bxg7 Kxg7 {0-1 (40) Dreev,A (2664)-Svidler,P (2759) Almaty 2016}) 6. e4 {LiveBook: 7 Games. A21: English Opening: 1...e5 2 Nc3} g6 7. Nf3 Bg7 8. Be2 Nf6 9. O-O O-O 10. Rb1 $146 ({Predecessor:} 10. Qc2 Ne5 11. Nxe5 dxe5 12. Rd1 Nd7 13. Be3 {½-½ (54) Gonzalez Zamora,J (2531)-Strikovic,A (2490) Merida 2000}) 10... a5 11. b3 Nd7 12. Bb2 Nc5 13. Rfe1 a4 14. Bd1 {[%cal Rc3a4]} axb3 15. axb3 Nb4 16. Nd5 (16. Na4 $11 Bxb2 17. Nxb2) 16... Bxb2 $15 17. Nxb4 Bg7 18. Nd5 c6 {[%cal Bc7c6,Bc6c5][%mdl 32]} 19. Nc3 Na6 (19... Qb6 $1 $17 20. b4 Nd7) 20. Nd4 Qf6 $36 {[%mdl 2048] Black has the initiative.} 21. Nce2 Bd7 22. Bc2 (22. b4 $15) 22... c5 $1 $17 {[%cal Rc5d4]} 23. Nb5 Bxb5 $1 24. cxb5 Nb4 25. Bd3 Ra2 26. Qd1 (26. Qe3 $142) 26... Bh6 $19 {White must now prevent ...Rd2.} 27. f4 Bxf4 28. Nxf4 Qxf4 29. Re2 Rfa8 (29... Rxe2 $19 {is more deadly.} 30. Qxe2 d5) 30. Bc4 $17 Rxe2 31. Qxe2 Qe5 32. Rf1 {[#]} Rf8 $1 33. Qg4 (33. b6 $17) 33... Qe7 $2 (33... Qd4+ $19 34. Kh1 d5) 34. Rf2 $15 Kg7 35. h4 h5 36. Qg5 Qxg5 ({Reject} 36... Qxe4 $6 37. Qf6+ Kh7 38. Qxd6 $16 (38. Bxf7 Ra8 $16)) 37. hxg5 {[%mdl 4096] Endgame KRB-KRN} f6 38. gxf6+ Rxf6 39. Rd2 b6 40. Kh2 Kh6 41. Re2 Kg5 42. e5 dxe5 43. Rxe5+ Kf4 44. Re2 Rd6 45. Rf2+ Kg5 46. Kg3 (46. g3 $17 {is a better defense.}) 46... h4+ (46... Nd5 $19 47. Rf8 h4+ 48. Kf3 Nb4) 47. Kh2 $17 Kh5 (47... Rd4 $17 48. g3 Nd5) 48. Be2+ {[#]} Kh6 $1 {Strongly threatening ...Rd2.} 49. Bc4 g5 50. g3 hxg3+ (50... Kh5 $15) 51. Kxg3 $11 {The position is equal.} Kg6 52. Re2 Rf6 53. Rd2 Kf5 54. Re2 Rd6 55. Rf2+ Kg6 56. Re2 Rf6 57. Rd2 Kf5 58. Re2 Rh6 59. Rf2+ Ke5 60. Kg4 Rg6 61. Kh5 Rd6 62. Kxg5 Nd3 63. Re2+ Kd4 64. Kf5 Kc3 65. Re3 Kd2 66. Re6 Rxe6 67. Kxe6 {KB-KN} Nb2 68. Kd5 Kc3 69. Kc6 Nxc4 70. bxc4 Kxc4 71. Kxb6 {Kc6 would kill now.} Kd4 72. Ka7 {Accuracy: White = 42%, Black = 56%.} 1/2-1/2

[Event "8th Holuj-Radzikowska Rapid 2018"]
[Site "Wroclaw"]
[Date "2018.12.10"]
[Round "5"]
[White "Skripchenko, Almira"]
[Black "Szczepkowska, Karina"]
[Result "1/2-1/2"]
[WhiteElo "2408"]
[BlackElo "2408"]
[Annotator "TA"]
[PlyCount "43"]
[EventDate "2018.11.26"]
[EventType "schev"]
[EventCountry "POL"]
[SourceTitle "playchess.com"]
[Source "ChessBase"]
[SourceQuality "1"]
[WhiteTeam "World"]
[BlackTeam "Poland"]
[BlackTeamCountry "POL"]

{[%evp 22,43,10,10,32,27,30,20,34,0,5,0,43,46,36,2,0,-23,33,0,5,-7,42,0]} 1. e4 e5 2. Nf3 Nc6 3. Nc3 Nf6 4. Bb5 Bb4 5. O-O O-O 6. d3 Bxc3 7. bxc3 d6 8. Bg5 {[%cal Bc1g5,Bg5h4,Bh4g3][%mdl 32]} Qe7 9. h3 Nd8 {[%cal Bc6d8,Bd8e6,Be6f4][%mdl 32]} 10. Re1 Ne6 11. Bh4 Nf4 12. d4 {LiveBook: 3 Games} Ng6 {C49: Four Knights: 4 Bb5 Bb4} 13. Bg3 Bd7 (13... c5 14. Bc4 Be6 15. Bxe6 Qxe6 16. d5 Qe7 17. Nh4 Qd7 18. Qf3 Nxh4 19. Bxh4 Ne8 20. Qf5 Qxf5 21. exf5 {0-1 (67) Narmontas,M (2310)-Fedorchuk,S (2599) Warsaw 2006}) 14. Bd3 $146 ({Predecessor:} 14. Bxd7 Nxd7 15. Rb1 b6 16. Qd3 a5 17. Qc4 Rac8 18. Qc6 f6 19. Nh4 Nxh4 20. Bxh4 {0-1 (44) Buechle,M-Sonnberger,R (2290) Dortmund 1998}) 14... Bc6 {The position is equal.} 15. a4 a5 16. Nh4 Nxh4 17. Bxh4 h6 18. Rb1 b6 (18... g5 $5 {[%cal Rg5h4]} 19. Bg3 Bxa4 $11) 19. Bb5 Bb7 (19... Bxb5 $11 20. Rxb5 Qe6) 20. Bd3 Bc6 21. Bb5 Bb7 22. Bd3 {Precision: White = 29%, Black = 21%.} 1/2-1/2

[Event "8th Holuj-Radzikowska Rapid 2018"]
[Site "Wroclaw"]
[Date "2018.12.10"]
[Round "5"]
[White "Kulon, Klaudia"]
[Black "Javakhishvili, Lela"]
[Result "0-1"]
[WhiteElo "2333"]
[BlackElo "2464"]
[Annotator "TA"]
[PlyCount "64"]
[EventDate "2018.11.26"]
[EventType "schev"]
[EventCountry "POL"]
[SourceTitle "playchess.com"]
[Source "ChessBase"]
[SourceQuality "1"]
[WhiteTeam "Poland"]
[BlackTeam "World"]
[WhiteTeamCountry "POL"]

{[%evp 10,64,35,25,56,27,38,12,21,-29,56,53,90,82,93,84,150,161,164,143,137,105,116,108,125,110,119,105,113,91,86,0,163,67,145,144,124,-21,0,-103,-105,-155,-155,-486,-491,-483,-471,-624,-622,-1216,-1015,-29989,-29990,-29990,-29988,-29991,-29992]} 1. c4 c5 2. g3 Nc6 3. Bg2 g6 4. Nc3 Bg7 5. e3 a6 (5... e6 6. b3 Nge7 7. Ba3 b6 8. Nge2 d5 9. cxd5 exd5 10. d4 cxd4 11. Nxd4 Nxd4 12. exd4 Ba6 13. Bf1 Bxf1 14. Kxf1 {0-1 (30) Kramnik,V (2792)-So,W (2778) Paris 2018}) 6. Nge2 {LiveBook: 8 Games. A36: Symmetrical English vs ...g6: 4 Bg2 Bg7} b5 7. cxb5 $146 ({Predecessor:} 7. d4 bxc4 8. O-O Rb8 9. dxc5 Nb4 10. Nf4 Qa5 11. a3 Nc6 12. Na4 Rb3 13. Nb6 Qxc5 14. Nxc8 {0-1 (49) Larsen,K (2297)-Ninov,N (2507) Copenhagen 2012}) 7... axb5 8. Nxb5 {White is slightly better.} Ba6 9. Nec3 Rb8 (9... Bxc3 $1 $11 10. Nxc3 Nb4) 10. a4 $14 Nf6 11. O-O $36 {[%mdl 2048] Black is under strong pressure.} O-O 12. d4 c4 (12... d5 $142) 13. e4 $16 {[%cal Be3e4,Be4e5][%mdl 32]} Na5 14. e5 Ne8 {[%cal Bf6e8,Be8c7,Bc7e6,Be6c5][%mdl 32]} 15. Bf4 Nc7 16. e6 Nxe6 17. Bxb8 Qxb8 18. Re1 Re8 19. d5 Nc5 20. d6 (20. Bf1 $16) 20... Nab3 $2 {[#]} (20... e6 $11 {and Black has nothing to worry.}) 21. Rb1 ({Resist} 21. Rxe7 $6 Nxa1 22. Qxa1 Rf8 $16) (21. dxe7 $18 Bxb5 22. Nxb5 (22. axb5 Nxa1 23. Qxa1 Nd3 $14)) 21... Bxb5 ({Black should play} 21... e6 $14) 22. Nxb5 {aiming for Nc7.} e6 23. Na3 ({Better is} 23. Bf1 $16) 23... Qb4 $1 $11 24. Qc2 (24. Qe2 $1 $11) 24... c3 $17 25. Re3 {[%cal Re3c3]} cxb2 26. Nb5 $2 (26. Rxb2 $17 {nothing else works.} Bxb2 27. Qxb2) 26... Nd2 $19 27. Rxb2 Bxb2 ({Don't take} 27... Qxb2 28. Qxb2 Bxb2 29. Re2 $19) 28. Nc7 Rb8 29. a5 Bd4 30. Re1 {[#]} Nf3+ $1 {[%mdl 576] Discovered Attack. Black mates.} 31. Bxf3 Qxe1+ 32. Kg2 Rb2 {Accuracy: White = 15%, Black = 46%.} 0-1

[Event "8th Holuj-Radzikowska Rapid 2018"]
[Site "Wroclaw"]
[Date "2018.12.10"]
[Round "5"]
[White "Warakomska, Anna"]
[Black "Harika, Dronavalli"]
[Result "0-1"]
[WhiteElo "2233"]
[BlackElo "2494"]
[Annotator "TA"]
[PlyCount "90"]
[EventDate "2018.11.26"]
[EventType "schev"]
[EventCountry "POL"]
[SourceTitle "playchess.com"]
[Source "ChessBase"]
[SourceQuality "1"]
[WhiteTeam "Poland"]
[BlackTeam "World"]
[WhiteTeamCountry "POL"]

{[%evp 13,90,59,59,-31,-25,-37,-34,-30,-44,-73,-56,-75,-53,-100,-38,-70,-61,-51,-26,-94,-101,-97,51,49,61,64,77,52,127,124,104,106,172,82,81,59,55,52,56,62,46,50,79,24,23,19,89,-22,-23,-28,112,48,53,0,0,0,0,-3,-4,-4,-2,-35,-31,-41,0,-102,0,0,0,-14,0,-3,-3,-46,-56,-29983,-29984,-29983,-29984]} 1. e4 g6 2. d4 Bg7 3. Nc3 c6 4. f4 d5 5. e5 Nh6 {[%cal Bg8h6,Bh6f5,Bf5d6,Bd6e4][%mdl 32]} 6. Be3 O-O 7. Nf3 f6 {LiveBook: 29 Games. B15: Caro-Kann: 3 Nc3: 3...g6 and 3...dxe4 4 Nxe4 Nf6 5 Nxf6+ exf6} 8. exf6 (8. Qd2 $14) (8. h3 Qb6 9. Qd2 Qxb2 10. Rb1 Qa3 11. g4 Nf7 12. Bd3 fxe5 13. dxe5 Na6 14. Rb3 Qa5 {1-0 (31) Robson,R (2668)-Shabalov,A (2556) Saint Louis 2017}) 8... exf6 $15 9. Qd2 Nf5 $146 {Black is slightly better.} ({Predecessor:} 9... a5 10. O-O-O a4 11. a3 b5 12. h3 Nd7 13. g4 Nf7 14. h4 Nb6 {½-½ (33) Hynes,A (2150)-Kapoor,G (1787) Coventry 2017}) 10. O-O-O b5 {[%cal Bb7b5,Bb5b4][%mdl 32]} 11. Bf2 Nd7 12. g4 Nd6 13. Bd3 Nb6 ({Better is} 13... b4 $17 14. Ne2 Qa5) 14. f5 $1 b4 15. Ne2 Ne4 16. Bxe4 (16. Qe3 $1 $11) 16... dxe4 $17 17. Nh4 {[%cal Bf3h4,Bh4g2,Bg2e3,Be3c4][%mdl 32]} g5 (17... Ba6 $17 18. b3 (18. fxg6 hxg6 19. b3 Nd5 $17) 18... Nd5) 18. Ng2 $14 Nd5 19. h4 Qa5 20. Kb1 Ba6 (20... Rb8 $14 21. Qe1 h5) 21. Ne3 $16 Bxe2 22. Qxe2 Rab8 (22... Rad8 $16 {might work better.}) 23. Qc4 (23. Nc4 $1 $18 {[%cal Rc4a5] is more deadly.} Qb5 24. hxg5) 23... Qb5 24. Qxb5 Rxb5 25. Nc4 Rb7 26. Rde1 Re7 27. Bg3 {Black must now prevent hxg5.} Rd8 28. hxg5 (28. Na5 $1 $16 {[%cal Ra5c6]} Rc8 29. Nb3) 28... fxg5 $11 29. Be5 Nf6 (29... c5 $11) 30. Nd6 (30. Rhf1 $16) 30... Nxg4 31. Nxe4 {Threatens to win with f6.} Rf7 {[#]} (31... Rde8 $1 $11 {keeps the balance.} 32. Nd6 (32. Nxg5 Nxe5 33. dxe5 Rxe5 $11) 32... Rf8 33. Bxg7 Rxe1+ 34. Rxe1 Kxg7) 32. Nxg5 ({White should try} 32. f6 $1 $16 {[%cal Rf6g7]} Bxf6 33. Bxf6 Nxf6 34. Nxg5) 32... Nxe5 $14 33. dxe5 ({White should play} 33. Rxe5 $14 Rfd7 34. Ree1) 33... Rxf5 $11 {[%mdl 64] Double Attack} 34. Ne6 Re8 35. Nxg7 Kxg7 {[%mdl 4096] Endgame KRR-KRR} 36. Reg1+ Kh8 37. Rh4 (37. b3 {keeps more tension.} Rfxe5 38. Kb2 R8e7 39. Rh6 R7e6 40. Rh4) 37... Rfxe5 {( -> ...Re1+)} 38. b3 a5 (38... Re4 {with more complications.} 39. Rhh1 R8e5 40. Kb2 Rc5 41. Rg2 h5) 39. Rgh1 (39. Kb2 $11 {remains equal.}) 39... R8e7 (39... Re1+ $17 40. Rxe1 Rxe1+ 41. Kb2 Re5) 40. Kb2 c5 41. Rd1 Rg5 42. Rd6 Rg1 {Strongly threatening ...Ree1.} 43. Rd8+ Kg7 {...Ree1 is the strong threat.} 44. Rf4 $2 {[%mdl 8192] [#]} (44. Rd2 $15) 44... Ree1 $1 {[%csl Gg1][%cal Re1b1]} 45. Rd7+ Kg6 {Accuracy: White = 31%, Black = 37%.} 0-1

[Event "8th Holuj-Radzikowska Rapid 2018"]
[Site "Wroclaw"]
[Date "2018.12.10"]
[Round "6"]
[White "Abdumalik, Zhansaya"]
[Black "Szczepkowska, Karina"]
[Result "1-0"]
[WhiteElo "2470"]
[BlackElo "2408"]
[Annotator "TA"]
[PlyCount "177"]
[EventDate "2018.11.26"]
[EventType "schev"]
[EventCountry "POL"]
[SourceTitle "playchess.com"]
[Source "ChessBase"]
[SourceQuality "1"]
[WhiteTeam "World"]
[BlackTeam "Poland"]
[BlackTeamCountry "POL"]

{[%evp 19,177,0,0,0,0,0,0,0,10,10,30,0,0,0,0,-12,0,-4,10,16,72,43,75,59,104,81,93,93,96,92,99,43,42,37,45,41,56,61,62,58,62,59,60,59,58,59,60,56,67,67,77,71,73,66,79,13,77,77,77,77,77,77,77,77,77,77,77,70,77,77,77,77,77,70,811,675,614,345,931,139,302,1045,830,677,818,596,395,79,461,420,557,79,79,79,477,79,79,10,10,10,10,10,10,10,10,10,10,0,10,10,10,10,10,10,10,0,17,17,17,17,85,85,85,17,17,0,85,85,1522,1393,29967,29968,29968,29969,29972,29973,29973,29970,29970,29968,29968,0,29969,0,29971,29971,29972,29972,29977,29977,29979,29980,29980,29980,29981,29982,29981,29981,29981,29982]} 1. e4 e5 2. Nf3 Nc6 3. Bb5 a6 4. Ba4 Nf6 5. O-O Be7 6. Re1 b5 7. Bb3 O-O 8. h3 Bb7 9. d3 d5 {C88: Closed Ruy Lopez: Anti-Marshall Systems} 10. Nbd2 (10. exd5 Nxd5 11. a4 Nd4 12. Nxd4 exd4 13. axb5 axb5 14. Rxa8 Bxa8 15. Na3 Bb4 16. Bd2 Bxd2 17. Qxd2 {1-0 (85) Wei,Y (2735)-Inarkiev,E (2690) Magas 2018}) 10... dxe4 {LiveBook: 4 Games} 11. Nxe4 Nxe4 {The position is equal.} 12. dxe4 Qxd1 13. Rxd1 Bd6 $146 ({Predecessor:} 13... Na5 14. Bd5 c6 15. Bd2 b4 16. Bb3 Nxb3 17. cxb3 {½-½ (57) Voekler,B (2368)-Opitz,A (2313) Germany 2013}) 14. Bd5 Na5 15. Bxb7 Nxb7 16. Be3 f6 17. Rd5 Kf7 18. c4 bxc4 19. Rc1 Nd8 (19... a5 $11) 20. Rxc4 Rb8 21. b3 Nb7 22. Nd2 Rfd8 23. Rc6 Ra8 24. Nc4 Ke6 25. Na5 (25. Nxd6 $16 cxd6 26. Rb6) 25... Kd7 $14 {Strongly threatening ...Nxa5.} 26. Rc4 Nxa5 27. Rxa5 Kc8 28. Kf1 Kb7 29. Ke2 Be7 30. h4 h5 31. g3 Bd6 32. f4 Re8 33. Kf3 Red8 34. Rd5 Rd7 35. Rc1 Rad8 36. Rcd1 Kc6 37. Bc1 (37. b4 $16) 37... Bb4 (37... exf4 $11 38. gxf4 Bc5) 38. Rxd7 $16 Rxd7 39. Rxd7 Kxd7 {[%mdl 4096] Endgame KB-KB} 40. f5 Bc5 41. g4 hxg4+ 42. Kxg4 Ke7 43. h5 Bb4 44. Kf3 Kd7 45. Ke3 Bf8 46. Kd3 Kc6 $2 {[%mdl 8192]} (46... Bc5 $14) 47. Kc4 $1 $18 Be7 48. Bd2 Bf8 $2 (48... Kd7 49. Be3 Kc6) 49. a4 $2 (49. b4 $18 {and White stays clearly on top.} Bd6 50. h6 gxh6 51. Bxh6) 49... Be7 $2 (49... Kd7 $16) 50. b4 $1 Bf8 51. Be3 Be7 52. Bc1 Bf8 53. Ba3 $2 (53. Bb2 $18 Kb6 54. Kd5 Bxb4 55. Bc1) 53... Bd6 $2 {[%mdl 8192]} (53... Kd7 $16 {is more resistant.}) 54. Bb2 Bf8 55. Bc3 $2 (55. Bc1 $18 {has better winning chances.} Be7 56. Be3) 55... Be7 $16 56. Be1 Bf8 $2 {[%mdl 8192]} (56... Bd6 $16 {is tougher.}) 57. Bf2 $2 (57. Bd2 $1 $18 Be7 58. Be3) 57... Bd6 58. b5+ ({White should play} 58. Kb3 $16) 58... axb5+ $11 59. axb5+ Kd7 60. Kd5 Ba3 61. Be3 Bb4 62. Bc1 Bf8 63. Be3 Ba3 64. h6 gxh6 65. Bxh6 Bb4 66. Be3 Ba3 67. Bc5 Bc1 68. Kc4 Bh6 69. Kd3 Bc1 (69... Ke8 $11) 70. Ke2 $1 $16 Ke8 71. Kf3 (71. Bb4 $1 $16) 71... Bd2 $11 72. Ke2 ({White should try} 72. Bf2 $11) 72... Bc1 $16 {[#]} 73. Bb4 $1 Kd7 $2 {[%mdl 8192]} (73... Bh6 $16) 74. Kf3 $18 Ke8 {[#]} 75. Kg4 $1 Bg5 76. Kh5 Kd7 77. Kg6 Ke8 78. Bc5 Bh4 79. Be3 Ke7 80. Bc5+ Ke8 $1 81. Bb4 Bg5 $1 82. Ba5 {White mates.} Kd7 83. Kf7 c6 84. bxc6+ {[%mdl 64] Overworked Piece} Kxc6 85. Bd8 Kc5 86. Bxf6 Bf4 87. Be7+ Kd4 88. Kg6 Bg3 89. Kh5 {Accuracy: White = 56%, Black = 41%.} 1-0

[Event "8th Holuj-Radzikowska Rapid 2018"]
[Site "Wroclaw"]
[Date "2018.12.10"]
[Round "6"]
[White "Javakhishvili, Lela"]
[Black "Zawadzka, Jolanta"]
[Result "1/2-1/2"]
[WhiteElo "2464"]
[BlackElo "2423"]
[Annotator "TA"]
[PlyCount "56"]
[EventDate "2018.11.26"]
[EventType "schev"]
[EventCountry "POL"]
[SourceTitle "playchess.com"]
[Source "ChessBase"]
[SourceQuality "1"]
[WhiteTeam "World"]
[BlackTeam "Poland"]
[BlackTeamCountry "POL"]

{[%evp 19,56,-10,33,0,0,0,9,-26,-12,-43,-25,-71,-64,-86,-78,-66,0,-24,-8,-7,-7,-4,0,0,57,65,51,67,61,71,56,31,147,0,71,0,155,0,44]} 1. c4 e6 2. Nf3 d5 3. e3 Nf6 4. Nc3 c6 5. b3 Bd6 6. Bb2 {A11: English Opening: 1...c6} e5 (6... O-O 7. d4 Nbd7 8. Be2 b6 9. O-O Bb7 10. h3 Qe7 11. Rc1 Rfe8 12. Qc2 Rac8 13. Rfd1 h6 14. Qb1 Bb4 15. Qa1 Bd6 16. Bd3 {1-0 (47) Andreikin,D (2712)-Jakovenko,D (2747) Satka 2018}) 7. cxd5 cxd5 8. Nb5 Nc6 9. Nxd6+ Qxd6 10. Be2 O-O {LiveBook: 13 Games} 11. O-O d4 $146 ({Predecessor:} 11... Bg4 12. h3 Bxf3 13. Bxf3 Rfd8 14. d4 e4 15. Be2 {0-1 (46) Semcesen,D (2490)-Baghdasaryan,V (2362) Lvov 2011}) 12. exd4 exd4 13. Bb5 Bg4 14. h3 Bh5 $1 15. Re1 Rfe8 16. Rxe8+ Rxe8 17. Rc1 Re4 ({Better is} 17... h6 $15) 18. Bf1 h6 19. d3 $36 {[%mdl 2048] Black is under pressure.} Re8 20. Be2 Nd5 {aiming for ...Nf4.} 21. Nxd4 Nxd4 (21... Bxe2 $11 22. Nxe2 Ndb4) 22. Bxh5 $14 Nf4 23. Bxd4 $1 Qxd4 24. Rc4 Qd6 25. Re4 Rc8 {[#]} ({Black should play} 25... Rd8 $14) 26. Rc4 (26. Bxf7+ $142 $1 {[%mdl 512]} Kxf7 27. Qf3) 26... Re8 $16 27. Re4 (27. Bf3 $142) 27... Rc8 $1 {[#]} 28. Rc4 (28. Bxf7+ $1 $16 {[%mdl 512]} Kxf7 29. Qf3) 28... Re8 {Accuracy: White = 51%, Black = 68%.} 1/2-1/2